000
00306nam a22001337a 4500
008
170815b xxu||||| |||| 00| 0 eng d
020
_a
0669022705
041
_a
eng
080
_2
2ND
_a
51
100
_a
36
101
_a
STA
245
_a
UNDERSTANDING AND USING STATISTICS
_c
SCHMIDT,M,J
942
_2
udc
_c
BK
999
_c
23607
_d
23607